00991cam a2200229 a 450000100100000000500170001000800410002702000150006803500190008304000300010208200180013210000500015024501360020026001000033630000350043650400340047160000770050591000340058204900090061695201210062599900150074600000653520200929153940.0860624s1984 pr a b 000 0 spa  a0865813736 a(DLC) 86176138 aDO-SdBNPcDLCdDLCdBNPHU a928.61bC824M1 aMedina López, Ramón Felipe,d1935-91814910aJuan Antonio Corretjer, poeta nacional puertorriqueño :bcuarenta años de poesía, 1927-1967 /cRamón Felipe Medina López. aSan Juan, Puerto Rico :bInstituto de Cultura Puertorriqueña,c1984.eSanto DomingofCorripio a207, [205] p. :bil. ;c24 cm. aBibliografía: p. [173]-204.10aCORRETJER, JUAN ANTONIO,d1908-1985xCRÍTICA E INTERPRETACIÓN918150 aCatalogación por copia / LC aBNGR 001052708MOaGRbGRcCTd2009-08-31iLF1l0o928.61 C824Mp6535-10r2020-06-25w2020-06-25y2ZPréstamo interno c6326d6326